Leçons de droit civil

Guardat en:
Dades bibliogràfiques
Autors principals: Mazeaud, Henri (autor), Mazeaud, Léon (Autor), Mazeaud, Jean (Autor)
Format: Llibre
Idioma:francès
Publicat: París Montchrestien 1956
Matèries:
Etiquetes: Afegir etiqueta
Sense etiquetes, Sigues el primer a etiquetar aquest registre!

MARC

LEADER 00000nam a2200000 a 4500
001 UCS2141
003 CL-VaPUC
008 970516e19560000FR |||||||||||||||||fre|d
082 0 4 |a 346.44  |b MAZ  |2 21 
100 |a Mazeaud, Henri  |e autor  |9 574904 
700 0 |a Mazeaud, Léon  |e author  |9 387218 
700 0 |a Mazeaud, Jean  |e author  |9 387219 
245 1 0 |a Leçons de droit civil 
300 |a v 
942 |c BK 
945 |d 19970516 00:00:00  |a lriquelm 
260 |a París  |b Montchrestien  |c 1956 
500 |a v.2 : Obligations: théorie générale, Biens: droit de propriété te ses démembrements 
650 0 |a Derecho civil  |9 255013 
650 0 |a Obligaciones   |9 255578 
650 7 |a TEORIA GENERAL  |2 CL-VaPUC  |9 385870 
650 0 |a Bienes  |9 255749 
650 0 |a Propiedad   |9 255268 
651 0 |a Francia  |9 255157 
583 |a last modification  |c 19970516 00:00:00  |k Rodrigo Vera 
999 |c 260132  |d 260130 
952 |0 0  |1 0  |4 0  |6 346_440000000000000_MAZ_1956  |7 0  |8 P  |9 285757  |a BIBDER  |b BIBDER  |d 2019-11-19  |h v.2  |i 1856251  |o 346.44 MAZ 1956  |p 1856251  |r 2023-01-25  |w 2019-11-19  |y BK  |k DER